| 000 | 01132cam a22003255a 4500 | ||
|---|---|---|---|
| 001 | 16879934 | ||
| 003 | EG-ScBUE | ||
| 005 | 20220814102924.0 | ||
| 008 | 110719t2012 njua f 001 0 eng d | ||
| 020 | _a9780470946749 (pbk. : alk. paper) | ||
| 040 |
_aDLC _beng _erda _cDLC _dYDX _dYDXCP _dUKMGB _dVP@ _dBDX _dDLC _dEG-ScBUE |
||
| 082 | 0 | 4 |
_a720 _222 _bCLA |
| 100 | 1 |
_aClark, Roger H., _eauthor. _938676 |
|
| 245 | 1 | 0 |
_aPrecedents in architecture : _banalytic diagrams, formative ideas, and partis / _cRoger H. Clark, Michael Pause. |
| 246 | 3 | 0 | _aAnalytic diagrams, formative ideas, and partis |
| 250 | _aFourth edition. | ||
| 264 | 1 |
_aHoboken, New Jersey : _bJohn Wiley & Sons, INC, _c[2012] |
|
| 264 | 4 | _cc2012 | |
| 300 |
_axv, 336 pages : _billustrations ; _c28 cm |
||
| 336 |
_2rdacontent _atext _btxt |
||
| 337 |
_2rdamedia _aunmediated _bn |
||
| 338 |
_2rdacarrier _avolume _bnc |
||
| 500 | _aIncludes index. | ||
| 650 | 7 |
_aArchitectural design. _2BUEsh _93345 |
|
| 651 | _2BUEsh | ||
| 653 |
_bENGARC _cSeptember2015 _cNovember2015 |
||
| 655 |
_vReading book _934232 |
||
| 700 | 1 |
_aPause, Michael, _eauthor. |
|
| 942 |
_2ddc _cBB |
||
| 999 |
_c20843 _d20815 |
||